| 000 | 00494nam a22001697a 4500 | ||
|---|---|---|---|
| 008 | 150520b xxu||||| |||| 00| 0 eng d | ||
| 020 | _a1568029322 (pbk. : alk. paper) | ||
| 041 | 0 | _aeng | |
| 080 | _a1948 | ||
| 100 | _aArian, Alan. | ||
| 245 | 0 | 0 |
_aPolitics in Israel : _cAsher Arian. |
| 260 |
_aWashington, D.C. : _bCQ Press, _cc2005. |
||
| 300 |
_axiii, 489 p. : _bme il. ; _c23 cm. |
||
| 650 | 0 | _aPolitika në Izrael | |
| 650 | 0 | _aPolitika në Izrael | |
| 942 |
_2ddc _cBK |
||
| 999 |
_c844 _d844 |
||